Statistics for Countries from Serbian to English #1

Click here to take the quiz!

General Stats

  • This quiz has been taken 91 times
  • The average score is 9 of 10

Answer Stats

SerbianEnglish% Correct
PoljskaPoland
100%
Velika BritanijaUnited Kingdom
100%
ČileChile
99%
Južni SudanSouth Sudan
97%
FilipiniPhilippines
97%
MeksikoMexico
96%
AlžirAlgeria
91%
DžibutiDjibouti
88%
MalezijaMalaysia
82%
ŠvajcarskaSwitzerland
76%

Score Distribution

Percentile by Number Answered

Percent of People with Each Score

Your Score History

You have not taken this quiz